الاقتصاد الجزئي : (Record no. 16677)
[ view plain ]
| 000 -الفاتح | |
|---|---|
| حقل البيانات ثابتة الطول | 01255nam a22002297a 4500 |
| 008 - عناصر البيانات ثابتة الطول - معلومات عامة | |
| حقل البيانات ثابتة الطول | 120423t xxu||||| |||| 00| 0 ara d |
| 082 ## - رقم تصنيف ديوى العشرى | |
| رقم التصنيف | 338.5 |
| رقم المادة | و ل س |
| 100 ## - المدخل الرئيسى - إسم شخصى | |
| 9 (RLIN) | 29696 |
| الإسم الشخصى | ولسون ، جي هولتن |
| 245 ## - بيان العنوان | |
| العنوان | الاقتصاد الجزئي : |
| بقية العنوان | المفاهيم والتطبيقات / |
| بيان المسئوليه,etc | تأليف جي هولتن ولسون ؛ ترجمة كامل سلمان العاني ؛ مراجعة محمد ابراهيم منصور ؛ تقديم سلطان المحمد السلطان |
| 260 ## - PUBLICATION, DISTRIBUTION, ETC. (IMPRINT) | |
| مكان الناشر او الموزع | الرياض : |
| اسم الناشر او الموزع | دار المريخ ، |
| تاريخ النشر أو التوزيع | 1987 |
| 300 ## - الوصف المادى | |
| التعداد | 640 ص: |
| تفاصيل ماديه اخرى للوعاء | أيض ؛ |
| أبعاد الوعاء | 22 سم |
| 500 ## - تبصرة عامة | |
| تبصرة عامة | Microeconomics, Concepts and Applications / Holton Wilson. New York : Harper and Row pub., 1981 |
| 650 ## - المدخل الاضافى بالموضوع-مصطلح موضوعى | |
| 9 (RLIN) | 29702 |
| مصطلح موضوعي أو اسم جغرافي كعنصر مدخل | الاقتصاد الجزئي |
| 650 ## - المدخل الاضافى بالموضوع-مصطلح موضوعى | |
| 9 (RLIN) | 29701 |
| مصطلح موضوعي أو اسم جغرافي كعنصر مدخل | الاحتكار |
| 650 ## - المدخل الاضافى بالموضوع-مصطلح موضوعى | |
| 9 (RLIN) | 29700 |
| مصطلح موضوعي أو اسم جغرافي كعنصر مدخل | الإنتاج |
| 653 ## - مصطلح تكشيفى غير مقيد | |
| Resource For college | |
| Arrived date list | April2012 |
| 700 ## - المدخل الاضافى - اسم شخصى | |
| 9 (RLIN) | 29697 |
| الإسم الشخصى | العاني ، كامل سلمان |
| الدور | مترجم |
| 700 ## - المدخل الاضافى - اسم شخصى | |
| 9 (RLIN) | 29698 |
| الإسم الشخصى | منصور ، محمد ابراهيم |
| الدور | مراجع |
| 700 ## - المدخل الاضافى - اسم شخصى | |
| 9 (RLIN) | 29699 |
| الإسم الشخصى | السلطان، سلطان المحمد العلي |
| الدور | مقدم |
| 942 ## - عناصر المدخل الإضافي( كوها) | |
| مصدر التصنيف او مخطط الترفيف | Dewey Decimal Classification |
| Koha [default] item type | Book - Borrowing |
| حالة التراجع | حالة الفقد | مصدر التصنيف او خطة الترفيف | حالة تلف | ليس للاعارة | مجموعات كوها | المكان الدائم | المكان الحالي | موقع الترفيف | تاريخ الاكتساب | Source of acquisition | رقم الاستدعاء | الباركود | Date last seen | نوع الوعاء |
|---|---|---|---|---|---|---|---|---|---|---|---|---|---|---|
| Dewey Decimal Classification | Alef-Baa | Central Library | Central Library | First floor | 23/04/2012 | 338.5 و ل س | 000026657 | 15/07/2025 | Book - Borrowing |